| 000 | 01239nam a2200337 a 4500 | ||
|---|---|---|---|
| 001 | ebr10404993 | ||
| 003 | CaPaEBR | ||
| 006 | m u | ||
| 007 | cr cn||||||||| | ||
| 008 | 100823s2003 enk sd 000 0 eng d | ||
| 020 | _z9780747566243 | ||
| 020 | _z0747566240 | ||
| 020 | _z9781408102008 (e-book) | ||
| 040 |
_aCaPaEBR _cCaPaEBR |
||
| 035 | _a(OCoLC)191703759 | ||
| 050 | 1 | 4 |
_aPE1625 _b.E27 2003eb |
| 245 | 0 | 0 |
_aEasier English student dictionary _h[electronic resource] / _cgeneral editor, P.H. Collin. |
| 246 | 3 | 0 | _aStudent dictionary |
| 250 | _a3rd ed. | ||
| 260 |
_aLondon : _bBloomsbury, _c2003. |
||
| 300 | _a1009 p. | ||
| 490 | 0 | _aBloomsbury reference | |
| 500 | _a"Upper intermediate level"--cover. | ||
| 500 | _a"Over 32,000 terms clearly defined"--cover. | ||
| 533 |
_aElectronic reproduction. _bPalo Alto, Calif. : _cebrary, _d2013. _nAvailable via World Wide Web. _nAccess may be limited to ebrary affiliated libraries. |
||
| 650 | 0 |
_aEnglish language _vDictionaries. |
|
| 655 | 7 |
_aElectronic books. _2local |
|
| 700 | 1 | _aCollin, P. H. | |
| 710 | 2 | _aebrary, Inc. | |
| 856 | 4 | 0 |
_uhttp://site.ebrary.com/lib/rucke/Doc?id=10404993 _zAn electronic book accessible through the World Wide Web; click to view |
| 999 |
_c82112 _d82112 |
||